Largest US Cities Without a Stadium Quiz Stats

Quiz Updated Feb 12, 2016

Challenge
Share
Tweet
Embed
Score 0/22 Timer 06:00
0 Plays Today
Population City % Correct
291,826Anchorage
75.7%
437,994Virginia Beach
65.5%
439,041Mesa
59.5%
247,597Jersey City
51.7%
462,257Long Beach
49.8%
325,078Aurora
47.8%
253,691Fort Wayne
46.9%
257,729Henderson
44.9%
217,385Scottsdale
44.5%
303,871Riverside
38.3%
216,961North Las Vegas
36.7%
Population City % Correct
324,528Santa Ana
29.3%
212,375Irvine
27.4%
259,841Plano
26.6%
213,012San Bernardino
26.1%
236,123Chandler
25%
222,209Chesapeake
22.1%
236,091Laredo
21%
224,669Hialeah
20.8%
211,951Gilbert
18.6%
243,916Chula Vista
17.2%
214,089Fremont
15.5%

You're not logged in!

Compare scores with friends on all Sporcle quizzes.
Sign Up with Email
OR
Log In

You Might Also Like...

Show Comments

Extras

Top Quizzes Today


Score Distribution

Your Account Isn't Verified!

In order to create a playlist on Sporcle, you need to verify the email address you used during registration. Go to your Sporcle Settings to finish the process.